| Tag |
First Indicator |
Second Indicator |
Subfields |
| LEADER |
00000cam a2200000 a 4500 |
| 001 |
in00000017352 |
| 005 |
20151007053531.0 |
| 008 |
880125s1987 dcuac b 00010 eng d |
| 035 |
|
|
|a (OCoLC)17386575
|
| 035 |
|
|
|9 AAB1984AM
|
| 040 |
|
|
|a VPI
|c VPI
|d WAU
|d TXA
|d UtOrBLW
|
| 049 |
|
|
|a TXAM
|c [A11049519]
|
| 050 |
|
4 |
|a Q181.A1
|b A68 no.87-21
|
| 100 |
1 |
|
|a Stover, Eric.
|
| 245 |
1 |
4 |
|a The open secret :
|b torture and the medical profession in Chile /
|c by Eric Stover.
|
| 264 |
|
1 |
|a Washington, D.C. :
|b Committee on Scientific Freedom and Responsibility, American Association for the Advancement of Science,
|c [1987]
|
| 300 |
|
|
|a vi, 82 pages :
|b illustrations, portraits ;
|c 26 cm.
|
| 336 |
|
|
|a text
|b txt
|2 rdacontent
|
| 337 |
|
|
|a unmediated
|b n
|2 rdamedia
|
| 338 |
|
|
|a volume
|b nc
|2 rdacarrier
|
| 490 |
1 |
|
|a AAAS publication ;
|v 87-21
|
| 500 |
|
|
|a "July 1987."
|
| 504 |
|
|
|a Includes bibliographical references.
|
| 650 |
|
0 |
|a Medical ethics
|z Chile.
|
| 650 |
|
0 |
|a Torture
|z Chile.
|
| 650 |
|
0 |
|a Civil rights
|z Chile.
|
| 651 |
|
0 |
|a Chile
|x Social conditions
|y 1970-
|
| 710 |
2 |
|
|a AAAS Committee on Scientific Freedom and Responsibility.
|
| 830 |
|
0 |
|a AAAS publication ;
|v 87-21.
|
| 999 |
|
|
|a MARS
|
| 999 |
f |
f |
|s 1c2937bb-c5b0-3919-a029-ca6adbfd5e04
|i 02d651c2-2ba3-3c7c-a84a-b3db2b05d809
|t 0
|
| 952 |
f |
f |
|p ric
|a Texas A&M University
|b Rellis Campus
|c Joint Library Facility
|s JLF
|d Remote Storage
|t 0
|e Q181.A1 A68 no.87-21
|h Library of Congress classification
|i unmediated -- volume
|m A14811049519
|
| 998 |
f |
f |
|a Q181.A1 A68 no.87-21
|t 0
|l Remote Storage
|